[Event "Val Thorens op 34th"]
[Site "Val Thorens"]
[Date "2008.07.21"]
[Round "3"]
[White "Dubois, Remi"]
[Black "Jocteur, Christophe"]
[Result "0-1"]
[WhiteElo "1220"]
[BlackElo "1440"]
[PlyCount "54"]
[EventDate "2008.07.19"]
[EventType "swiss"]
[EventRounds "9"]
[EventCountry "FRA"]
[SourceTitle "EXT 2009"]
[Source "ChessBase"]
[SourceDate "2008.11.26"]
[SourceVersion "1"]
[SourceVersionDate "2008.11.26"]
[SourceQuality "1"]

1. e4 e5 2. Nf3 Nc6 3. Bc4 Bc5 4. 0-0 Nf6 5. Nc3 d6 6. Ng5 0-0 7. h3 Na5 8. d3 Nxc4 9. dxc4 h6 10. Nf3 Be6 11. Nd5 Nxe4 12. Qe2 Nf6 13. Nxf6+ Qxf6 14. Qe4 c6 15. h4 Bf5 16. Qe2 Qg6 17. g3 Qxg3+ 18. Kh1 Qh3+ 19. Nh2 Qxh4 20. Qf3 Be4 21. Qxe4 Qxe4+ 22. f3 Qxc4 23. Rg1 Bxg1 24. Kxg1 Qxc2 25. Kh1 f5 26. f4 exf4 27. Bxf4 Qe4+ 0-1